Discurso leído en la solemne inauguración del curso académico de 1930 a 1931 (Record no. 129271)

MARC details
000 -LEADER
campo de control de longitud fija 00683nam a2200193 i 4500
001 - NÚMERO DE CONTROL
campo de control 129271
003 - IDENTIFICADOR DE NÚMERO DE CONTROL
campo de control ES-MaACL
005 - FECHA Y HORA DE LA ÚLTIMA TRANSACCIÓN
campo de control 20230906193453.0
007 - CAMPO FIJO DE DESCRIPCIÓN FÍSICA--INFORMACIÓN GENERAL
campo de control de longitud fija t|
008 - DATOS DE LONGITUD FIJA--INFORMACIÓN GENERAL
campo de control de longitud fija 070611s1930 sp ||||1| spa d
100 1# - ENTRADA PRINCIPAL--NOMBRE DE PERSONA
Nombre de persona Terradas, Esteban.
9 (RLIN) 109767
245 10 - MENCIÓN DEL TÍTULO
Título Discurso leído en la solemne inauguración del curso académico de 1930 a 1931
Resto del título : [tema: Integrales de Fourier-Stieljes, (examen de estudios recientes) /
Mención de responsabilidad, etc. por E. Terradas.
260 ## - PUBLICACIÓN, DISTRIBUCIÓN, ETC.
Lugar de publicación, distribución, etc. Madrid :
Nombre del editor, distribuidor, etc. [s.n.],
Fecha de publicación, distribución, etc. 1930 (
Lugar de fabricación/manufactura Imp. Colonial)
300 ## - DESCRIPCIÓN FÍSICA
Extensión 44 p. ;
Dimensiones 28 cm.
594 ## - Nota al título y mención de responsabilidad
Nota al título y mención de responsabilidad Precede al tít.: Universidad de Madrid.
650 04 - PUNTO DE ACCESO ADICIONAL DE MATERIA--TÉRMINO DE MATERIA
Término de materia o nombre geográfico como elemento de entrada Integrales.
9 (RLIN) 13841
852 ## - LOCALIZACIÓN
Ubicación ES-MaACL
Número de control de estantería 1755-F-4
852 ## - LOCALIZACIÓN
Ubicación ES-MaACL
Número de control de estantería 1746-F-3
Holdings
Estatus retirado Estado de pérdida Estado de daño No para préstamo Colección Biblioteca de origen Biblioteca actual Ubicación en estantería Fecha de adquisición Fuente de adquisición Total de préstamos Signatura topográfica completa Código de barras Visto por última vez Precio de reemplazo Tipo de ítem Koha
        Colección de folletos Biblioteca del Ateneo de Madrid Biblioteca del Ateneo de Madrid Depósito folletos 17/01/2008     1746-F-3 1134620 23/02/2023 23/02/2023 Folleto
        Colección de folletos Biblioteca del Ateneo de Madrid Biblioteca del Ateneo de Madrid Depósito folletos 17/01/2008     1755-F-4 1134619 23/02/2023 23/02/2023 Folleto